Migrative type functional equations for triangular norms

Bibliographic Details
Main Author: Fodor, János (Author)
Format: Article
Language:English
ISBN:9788080404383
Subjects:

MARC

LEADER 00000naa a2200000 a 4500
001 vtls011855869
003 SK-MaSNL
005 20260302133338.0
008 210910|2012 xo |||||||||||||||||eng|
015 |a SNBCL 
035 |a (urnnbn)urn:nbn:sk:snk:ar-a0b03k 
035 |a urn:nbn:sk:snk-aaw9qp 
035 |a (uuid)f72adb7c-5e45-4054-bd09-44086777009e 
040 |a SNKBUCL  |b slo  |c SNKBUCL  |e AACR2 
041 |a eng 
044 |a xo  |c SK 
100 1 |a Fodor, János  |4 aut  |9 819823 
245 1 0 |a Migrative type functional equations for triangular norms  |c János Fodor 
336 |a text  |b txt  |c rdacontent 
337 |a bez média  |b n  |c rdamedia 
338 |a zväzok  |b nc  |c rdacarrier 
655 7 |a články zo zborníkov  |2 snkbucl  |9 166140 
773 0 |t Eleventh International Conference on Fuzzy Set Theory and Applications  |d In Liptovský Mikuláš : Armed Forces Academy of General M. R. Štefánik, 2012  |g S. 9-10  |z 9788080404383 
958 |a OND 
958 |a article26 
958 |a chapter 
999 |c 1316477  |d 1318407